Word Ladder: 2017 Taylor Swift Song Quiz Stats

 Plays Quiz Updated Jan 26, 2018

Challenge
Share
Tweet
Embed
Score 0/18 Timer 02:00
6 Plays Today
Clue 4-Letter Word % Correct
'Hairdo' of a lionMANE
88.7%
Breathe quickly, like a dogPANT
88.1%
A section of a windowPANE
86.4%
DesireWANT
86.1%
Where cloth pieces meetSEAM
83.8%
A set of 500 sheets of paperREAM
79.8%
Bide your timeWAIT
77%
WanderROAM
76.6%
Machine for weavingLOOM
76.3%
Clue 4-Letter Word % Correct
Band that sang 'Wake Me Up Before You Go-Go'WHAM!
75.7%
♫ 2017 Taylor Swift song: '[1] [9] You [16] [18]' ♫♫WHAT♫
72.3%
A silty clay soilLOAM
70.3%
HoaxSHAM
69.7%
♫ 2017 Taylor Swift song: '[1] [9] You [16] [18]' ♫♫LOOK♫
69.3%
♫ 2017 Taylor Swift song: '[1] [9] You [16] [18]' ♫♫MADE♫
62%
A very tiny bitWHIT
59.1%
♫ 2017 Taylor Swift song: '[1] [9] You [16] [18]' ♫♫ME DO♫
45.5%
A person from Ancient PersiaMEDE
43.1%

Today's Daily Dose

You're not logged in!

Compare scores with friends on all Sporcle quizzes.
OR
Log In

You Might Also Like...

Show Comments

Extras

Top Quizzes Today


Score Distribution

Your Account Isn't Verified!

In order to create a playlist on Sporcle, you need to verify the email address you used during registration. Go to your Sporcle Settings to finish the process.

Report this User

Report this user for behavior that violates our Community Guidelines.

Details: